=LDR 00000nam 2200000 4500 =001 INLIS000000000015421 =990 ##$$a 38.236/Hd-91 =005 20210423091502 =990 ##$$a 00040678 =035 ##$$a 0010-061300000015421 =990 ##$$a 00040679 =008 210423###########################0###### =041 ##$$a Indo =082 ##$$a 634.9 =090 ##$$a F.Rom K, Sug =100 ##$$a Sugianto =245 1#$$a Anugerah Gunung Slamet, Sugiyanto =260 ##$$a Jakarta :$b Departemen Pendidikan dan Kebudayaan,$c 1991 =300 ##$$a ix 101hlm, ilus, 20 cm =650 #4$$a Fiksi Kanak-Kanak =850 ##$$a NBPNMAT =084 ##$$a 634.9 SUG a =990 ##$$a 00040678 =990 ##$$a 00040679 =990 ##$$a 3201344306